[Event "HokkaidoCh2018"]
[Site "?"]
[Date "2018.03.25"]
[Round "5.6"]
[White "MATSUMOTO, Kenshin"]
[Black "KOBAYASHI, Katsuhiko"]
[Result "1/2-1/2"]
[WhiteElo "1471"]
[BlackElo "1494"]
[Annotator "Fritz 15 (30s)"]
[PlyCount "127"]
[SourceDate "2018.03.25"]

{E91: King's Indian: Classical: 6 Be2, unusual replies including 6...c5 and 6..
.Bg4} 1. d4 Nf6 2. c4 g6 3. Nc3 Bg7 4. Nf3 O-O 5. e4 d6 6. Be2 Bg4 7. O-O Nbd7
(7... Na6 8. Be3 Nd7 9. Rb1 c6 10. Qd2 Nc7 11. d5 c5 12. h3 Bxf3 13. Bxf3 a6
14. b4 b5 15. bxc5 Nxc5 16. cxb5 Bxc3 17. Qxc3 Nxb5 18. Qa1 Qa5 19. Bh6 f6 20.
Bxf8 Rxf8 21. Qb2 Rc8 22. Rfc1 {Gundavaa,B (2469)-Kuderinov,K (2459) Ulan Ude
2010 1/2-1/2 (68)}) 8. h3 (8. Be3 e5 9. d5 Nc5 10. h3 Bxf3 11. Bxf3 a5 12. a3
Nfd7 13. b4 axb4 14. axb4 Rxa1 15. Qxa1 Nb3 16. Qa7 Nd4 17. Be2 Qb8 18. Bxd4
exd4 19. Qxb8 Nxb8 20. Nb5 Na6 21. Rd1 Nxb4 22. Nxc7 Na2 {Ishkanov,T (2314)
-Bregadze,L (2417) Santa Clara 2014 0-1 (62)}) 8... Bxf3 9. Bxf3 c6 $146 {
Controls b5+d5} (9... e5 10. Be3 c6 11. Rb1 Qe7 12. Re1 Rfd8 13. b4 exd4 14.
Bxd4 c5 15. bxc5 Nxc5 16. Bxc5 dxc5 17. Nd5 Nxd5 18. exd5 Qc7 19. Qb3 Rab8 20.
Re2 Bf6 21. g3 Kg7 22. Kg2 h5 23. h4 Rd6 24. a4 {Singh,S (2218)-Rathnakaran,K 
(2397) New Delhi 2010 0-1 (55)}) (9... c5 10. d5 a6 11. a4 b6 12. Be2 Qc7 13.
Be3 Rfe8 14. Qd2 e6 15. dxe6 Rxe6 16. Rad1 Bf8 17. f3 Ne5 18. b3 Qb7 19. Rf2
Nc6 20. Bf1 Bg7 21. g4 {1/2-1/2 (21) Tsyganov,I (2255)-Feofanov,V (2345)
Smolensk 1997}) 10. Re1 e5 11. Be3 exd4 {Black forks: c3+e3} 12. Bxd4 Ne5 13.
Bxe5 (13. Be2 $5 $14) 13... dxe5 $11 {Opposite coloured bishops appeared.} 14.
Qc2 Re8 15. Rad1 {White threatens to win material: Rd1xd8} Qe7 16. g3 Qe6 {
Black threatens to win material: Qe6xc4. Black forks: c4+h3} 17. Kh2 (17. Qb3
$5 $11) 17... Qxc4 $17 18. Rd6 Rad8 19. Red1 Rxd6 20. Rxd6 b5 21. Be2 $4 (21.
Kg2 $142 $15 {would bring relief}) 21... Qc5 $19 22. Rxf6 (22. Qd3 {doesn't
change anything anymore} Qxf2+ 23. Kh1 Bf8 24. Rxc6 Bc5 $19) 22... Bxf6 23. Bd3
(23. Bd1 {a fruitless try to alter the course of the game} Rd8 24. Kg2 Bg5 $19)
23... b4 (23... Rd8 {makes it even easier for Black} 24. Kg2 Qd6 25. Bxb5 cxb5
26. Nd5 $19) 24. Na4 (24. Nd5 {the last chance for counterplay} Qd6 25. Ne3 $19
) 24... Qxc2 25. Bxc2 Rd8 26. Kg2 Rd2 27. Bb3 Be7 (27... Bd8 {and Black can
already relax} 28. Kf1 $19) 28. h4 (28. Kf3 {does not save the day} Rd4 $19)
28... Kg7 (28... Bd8 $5 {makes it even easier for Black} 29. Kf1 $19) 29. Kf3
f5 30. Ke3 Rd8 31. exf5 (31. h5 {hardly improves anything} Kf6 $19) 31... gxf5
32. Bc2 Kf6 33. b3 (33. Ke2 {does not help much} e4 $19) 33... Bf8 34. Ke2 h5 (
34... Bh6 $5 {seems even better} 35. Bb1 Rd2+ 36. Ke1 $19) 35. Ke1 (35. Nb2 {
does not improve anything} Bc5 36. Nc4 Ke6 $19) 35... f4 (35... Bh6 $5 {
might be the shorter path} 36. Bd1 Bd2+ 37. Kf1 $19) 36. gxf4 exf4 37. Nb2 Re8+
38. Kf1 f3 39. Bd1 Re4 40. Bxf3 Rxh4 41. Bxc6 Bc5 (41... Rd4 $5 {keeps an even
firmer grip} 42. Nc4 $19) 42. Nd3 Bb6 43. Kg1 (43. Ke2 $19 {a last effort to
resist the inevitable}) 43... Rd4 44. Bb5 h4 (44... Kf5 $5 {seems even better}
45. Kf1 $19) 45. Kg2 Kg5 46. Kf3 (46. Ba6 {doesn't get the bull off the ice}
Kf5 $19) 46... Bc7 47. Kg2 Kg4 48. f3+ Kg5 49. Kh3 a5 (49... Bg3 $142 $5 {
and Black can already relax} 50. Kg2 $19) 50. Nc5 Rd1 {Loses material} (50...
Kf5 $142 {and Black wins} 51. Nd3 Bg3 $19) 51. Ne6+ $15 {White forks: c7} Kf5
52. Nxc7 Ra1 {Black threatens to win material: Ra1xa2} (52... Rh1+ $5 {is
worth looking at} 53. Kg2 Ra1 $15) 53. Kxh4 $11 Rxa2 54. Nd5 (54. Kg3 $142 $11)
54... Rf2 $4 {gives the opponent new chances} (54... Ke5 $142 {was possible}
55. Nb6 Kf4 $11) 55. Kg3 $18 Rb2 56. Ba4 Ke5 (56... Re2 57. Nb6 Re5 58. Nc4 $18
) 57. Ne3 Kd4 58. Nc4 Ra2 59. Nxa5 Kc3 60. Nc6 $4 {simply marches past the
door to victory} (60. f4 $142 {secures victory} Kd4 61. Kg4 $18) 60... Rxa4 $1
$19 {takes home the point} 61. bxa4 (61. Kf4 $19 {hoping against hope}) 61...
b3 62. a5 b2 63. a6 b1=Q 64. a7 1/2-1/2

[Event "HokkaidoCh2018"]
[Site "?"]
[Date "2018.03.25"]
[Round "5.7"]
[White "IKEDA, Naoto"]
[Black "KOYAHATA, Taku"]
[Result "0-1"]
[WhiteElo "1317"]
[BlackElo "1391"]
[Annotator "Fritz 15 (30s)"]
[PlyCount "48"]
[SourceDate "2018.03.25"]

{D37: Queen's Gambit Declined: 5 Bf4} 1. d4 d5 2. c4 Nf6 3. Nc3 e6 4. Nf3 Be7
5. Bf4 Bd6 $146 (5... dxc4 6. e3 Nd5 7. Bxc4 Nxf4 8. exf4 O-O 9. Bd3 Nd7 10.
Qe2 Nf6 11. O-O-O Nd5 12. Nxd5 exd5 13. Ne5 Bd6 14. h4 Qf6 15. Qf3 Bf5 16. g3
c6 17. Kb1 Rfe8 18. h5 Re7 19. g4 Bxd3+ 20. Rxd3 {Youngworth,P (2290)-Raicevic,
V (2390) Lone Pine 1980 0-1 (39)}) (5... a6 6. c5 (6. e3 dxc4 7. Bxc4 b5 8. Be2
Bb7 9. O-O Nbd7 10. Ne5 Nxe5 11. Bxe5 O-O 12. Bf3 Bxf3 13. Qxf3 c5 14. dxc5 Nd7
15. Bg3 Nxc5 16. Rfd1 Qa5 17. Ne4 {1/2-1/2 (17) Kindermann,S (2455)-Kurajica,B
(2495) Dortmund 1981}) 6... Nc6 (6... Nh5 7. Bg3 O-O 8. e3 Nd7 9. Bd3 g6 10.
Rc1 c6 11. a3 Nxg3 12. hxg3 f5 13. b4 Bf6 14. Ne2 e5 15. dxe5 Nxe5 16. Ned4 Ng4
17. a4 Re8 18. O-O Bd7 19. b5 axb5 20. axb5 h5 21. Qc2 {McClintock,D (2380)
-Barkan,O (2225) Los Angeles 1982 1-0 (45)}) 7. a3 O-O 8. e3 Nh5 9. Bd3 Nxf4
10. exf4 Bf6 11. Ne2 g6 12. h4 b6 13. b4 bxc5 14. bxc5 h5 15. Qc2 Ne7 16. O-O
a5 17. g3 Ba6 18. Bxa6 Rxa6 19. Rab1 Qa8 20. Rb2 {Malaniuk,V (2600)-Asrian,K 
(2555) Krasnodar 1998 1-0 (41)}) (5... Nh5 6. Be5 f6 7. Bg3 Nxg3 8. hxg3 dxc4
9. e3 Nd7 10. Bxc4 Nf8 11. Qc2 c6 12. O-O-O Qc7 13. Bd3 g6 14. g4 Rg8 15. Ne4
Qa5 16. Kb1 Bd7 17. g5 fxg5 18. Ne5 Rg7 19. Nc5 Bc8 20. Be4 {Sarosi,Z (2367)
-Biro,P (2199) Hungary 2000 1-0}) 6. Bxd6 Qxd6 7. e3 O-O 8. Bd3 c5 9. O-O Nc6
10. dxc5 Qxc5 11. cxd5 exd5 12. Rc1 Qe7 13. Qc2 Be6 14. Rfd1 Nb4 {Black
threatens to win material: Nb4xc2} 15. Qb1 Nxd3 16. Rxd3 {[%cal Rc3d5,Rd3d5,
Ge6d5,Gf6d5] Attacks the isolani on d5} (16. Qxd3 Rac8 $14) 16... g6 (16... Bf5
17. Nd4 Bxd3 18. Qxd3 $17) 17. Rcd1 (17. Rdd1 $142 $14 {would allow White to
play on}) 17... Bf5 $17 18. Nxd5 $4 {further deteriorates the position.} (18.
h3 $142 $17) 18... Nxd5 $19 19. e4 (19. Nd4 {there is nothing else anyway} Bxd3
20. Qxd3 $19) 19... Bxe4 20. Re1 (20. Qa1 {cannot change what is in store for
White} Bxd3 21. Rxd3 Rfd8 $19) 20... Bxd3 21. Qxd3 Qc5 22. Re5 (22. g3 {
cannot change destiny} Rfe8 23. Rd1 Nb4 $19) 22... Rfd8 (22... Rad8 $142 {
seems even better} 23. g3 Qc1+ 24. Re1 Qxb2 25. Qb1 $19) 23. Qe4 (23. h3 {
doesn't get the cat off the tree} Qc1+ 24. Kh2 Nf6 $19) 23... Nf6 (23... f6
$142 {finishes off the opponent} 24. Re6 Nc7 25. g3 Nxe6 26. Qxe6+ Kg7 27. a3
$19) 24. Qh4 (24. Qe1 {no good, but what else?} Rd5 25. Rxd5 Qxd5 26. h3 $19)
24... Qxe5 $1 {Mate attack} (24... Qxe5 25. g3 Rd1+ 26. Kg2 Qe2 27. Ne5 Qf1+
28. Kf3 Qh1+ 29. Ke3 Nd5+ 30. Ke2 Re8 31. Qg5 Rd4 32. f3 Rd1 33. Qxg6+ hxg6 34.
h4 Qe1#) 0-1

[Event "HokkaidoCh2018"]
[Site "?"]
[Date "2018.03.25"]
[Round "5.8"]
[White "WILLIAMS, Richard"]
[Black "WATANABE, Katsumi"]
[Result "0-1"]
[WhiteElo "1209"]
[BlackElo "1657"]
[Annotator "Fritz 15 (30s)"]
[PlyCount "88"]
[SourceDate "2018.03.25"]

{A17: English Opening: 1...Nf6 with ...Bb4} 1. c4 Nf6 2. Nc3 e6 3. g3 Bb4 4.
Nf3 O-O 5. a3 (5. Qb3 Bxc3 6. Qxc3 b6 7. Bg2 Bb7 8. O-O d6 9. b3 Nbd7 10. Bb2
c5 11. d4 Qe7 12. Rad1 Be4 13. Bh3 d5 14. dxc5 Nxc5 15. Ne5 dxc4 16. Nxc4 Rfd8
17. f3 Bb7 18. Qe5 Rxd1 19. Rxd1 Rd8 {Roiz,M (2658)-Bosiocic,M (2551) Zuerich
2009 1/2-1/2 (37)}) 5... Bxc3 6. dxc3 $146 (6. bxc3 b6 (6... Re8 7. Bg2 e5 8.
O-O c6 9. d3 d5 10. cxd5 cxd5 11. Bg5 Nbd7 12. Nd2 h6 13. Bxf6 Nxf6 14. c4 Be6
15. Rb1 Qd7 16. Qb3 b6 17. Qb5 Rad8 18. Rfc1 Bg4 19. Qxd7 Rxd7 20. Kf1 dxc4 21.
Bc6 {Zhang,Z (2209)-Zhao,J (2521) Xiapu 2005 1/2-1/2}) 7. Bg2 Bb7 8. O-O d6 9.
d3 c5 10. Bg5 h6 11. Bd2 Nc6 12. Qc2 Qd7 13. e4 Rad8 14. Rae1 Na5 15. Nh4 Bc6
16. f4 Ba4 17. Qb2 Nb3 18. Be3 Ng4 19. f5 Nxe3 20. Rxe3 b5 {Sliwa,B (2370)
-Boehlig,H (2450) Warsaw 1978 1-0 (33)}) 6... b6 7. Bg5 Bb7 8. Bg2 d6 {
Prevents intrusion on e5} 9. O-O Nbd7 10. Bxf6 Qxf6 11. Qd3 Nc5 12. Qd4 Qxd4 (
12... e5 13. Qe3 $15) 13. Nxd4 Bxg2 14. Kxg2 e5 {Black threatens to win
material: e5xd4} 15. Nb5 (15. Nf5 $5 $11 {is interesting}) 15... Rfc8 $17 16.
a4 a6 17. Na3 Nxa4 18. Ra2 f6 19. e4 Nc5 20. f3 Kf7 21. Nc2 a5 22. Ra3 Re8 23.
Rd1 g6 24. Na1 (24. b3 c6 $17) 24... f5 25. h4 $2 (25. exf5 $142 gxf5 26. Nb3
$17) 25... fxe4 $19 26. fxe4 Nxe4 27. Rf1+ Kg7 28. Nc2 (28. Re1 Nc5 $19) 28...
Nd2 29. Re1 Nxc4 30. Ra2 Rf8 (30... d5 $142 {might be the shorter path} 31. Na3
Nd6 32. Nc2 $19) 31. b3 Nd2 32. Ne3 $4 {the final mistake, not that it matters
anymore} (32. Na1 Nf3 33. Re3 $19) 32... Nxb3 33. Nd5 Rf7 34. Rf2 (34. c4 {
doesn't improve anything} Nc5 $19) 34... Raf8 (34... Rxf2+ $142 {and Black can
already relax} 35. Kxf2 Ra7 $19) 35. Ref1 (35. Rb2 {is not the saving move} Nc5
36. Ra2 Kh6 $19) 35... a4 (35... Rxf2+ $142 {ends the debate} 36. Rxf2 Rxf2+
37. Kxf2 $19) 36. Rxf7+ Rxf7 37. c4 (37. Re1 $19 {is still a small chance})
37... Rxf1 38. Kxf1 Nd2+ 39. Ke2 Nxc4 40. Kd3 a3 41. Nxc7 a2 42. Ne8+ Kf7 43.
Kxc4 (43. Nc7 {hardly improves anything} Na3 44. h5 a1=Q 45. Ke2 Qd4 46. hxg6+
hxg6 47. g4 Nc4 48. Nd5 Qxd5 49. Kf2 Qh1 50. Kg3 Qf1 51. Kh2 Ne3 52. Kg3 Qg2+
53. Kh4 Qxg4#) 43... Kxe8 44. Kd5 (44. g4 {doesn't do any good} a1=Q 45. Kd3
Qd4+ 46. Kc2 e4 47. h5 g5 48. Kb3 e3 49. Ka2 Qb4 50. Ka1 Qd2 51. Kb1 e2 52. h6
e1=Q#) 44... Kd7 (44... Kd7 45. Ke4 a1=Q 46. Kd3 Qd4+ 47. Ke2 e4 48. h5 Qd3+
49. Kf2 Qf3+ 50. Kg1 e3 51. hxg6 Qf2+ 52. Kh1 e2 53. gxh7 e1=Q#) (44... a1=Q
45. Kc6 Qa3 46. Kc7 Qc5+ 47. Kb7 Kd7 48. g4 Qc7+ 49. Ka6 Kc6 50. g5 Qb7#) 0-1